Statistics for Countries With The Most NHL Hockey Players

Click here to take the quiz!

General Stats

  • This quiz has been taken 37,166 times
    (36,387 since last reset)
  • The average score is 8 of 10

Answer Stats

% of LeagueCountry% Correct
44.5Canada
100%
26.0United States
100%
5.6Russia
97%
9.4Sweden
95%
5.1Finland
92%
0.9Germany
82%
0.7Denmark
69%
3.5Czech Republic
60%
1.4Switzerland
57%
1.2Slovakia
54%

Score Distribution

Percentile by Number Answered

Percent of People with Each Score

Your Score History

You have not taken this quiz since the last reset